Elements of workshop technology: manufacturing processes, SI and MKS units, Vol. 1 (Record no. 10374)

000 -LEADER
fixed length control field 00775nam a2200241Ia 4500
008 - FIXED-LENGTH DATA ELEMENTS--GENERAL INFORMATION
fixed length control field 200103s 1983 ||||xx |||||||||||||| ||und||
020 ## - INTERNATIONAL STANDARD BOOK NUMBER
International Standard Book Number 090621601X
082 ## - DEWEY DECIMAL CLASSIFICATION NUMBER
Classification number 670.42
Item number CHO
100 ## - MAIN ENTRY--PERSONAL NAME
Personal name Choudhury, S.K. Hajra
245 #0 - TITLE STATEMENT
Title Elements of workshop technology: manufacturing processes, SI and MKS units, Vol. 1
250 ## - EDITION STATEMENT
Edition statement 7th
260 ## - PUBLICATION, DISTRIBUTION, ETC. (IMPRINT)
Name of publisher, distributor, etc Media Promoters & Publishers Pvt. Ltd.
Date of publication, distribution, etc 1983
Place of publication, distribution, etc Bombay
300 ## - PHYSICAL DESCRIPTION
Extent xiii, 592 p.
504 ## - BIBLIOGRAPHY, ETC. NOTE
Bibliography, etc Includes index
650 ## - SUBJECT ADDED ENTRY--TOPICAL TERM
Topical term or geographic name as entry element Machine-shop practice
650 ## - SUBJECT ADDED ENTRY--TOPICAL TERM
Topical term or geographic name as entry element Mechanical engineering
650 ## - SUBJECT ADDED ENTRY--TOPICAL TERM
Topical term or geographic name as entry element Machine-tools
650 ## - SUBJECT ADDED ENTRY--TOPICAL TERM
Topical term or geographic name as entry element Workshops - Equipment and supplies
700 ## - ADDED ENTRY--PERSONAL NAME
Personal name Choudhury, A.K. Hajra
Relator term Co-author
700 ## - ADDED ENTRY--PERSONAL NAME
Personal name Roy, Nirjhar
Relator term Co-author
700 ## - ADDED ENTRY--PERSONAL NAME
Personal name Bhattacharya, S.C.
Relator term Collaborator
942 ## - ADDED ENTRY ELEMENTS (KOHA)
Item type Books
Holdings
Withdrawn status Lost status Source of classification or shelving scheme Damaged status Not for loan Collection code Permanent location Current location Shelving location Date acquired Full call number Barcode Date last seen Koha item type Public note
          Non-fiction IMU-MPC Library IMU-MPC Library General Stacks 2020-01-08 670.42 CHO MPC2377 2025-03-17 Books Column - 55
          Non-fiction IMU-MPC Library IMU-MPC Library General Stacks 2020-01-08 670.42 CHO MPC2378 2025-03-17 Books Column - 55
Copyright © 2021 Indian Maritime University, Mumbai Port Campus. All Rights Reserved. Managed & Maintained by Central Library, IMU-Mumbai

webs counters

Powered by Koha